[Event "European Senior Teams Chess Championship"]
[Site "Rogaska Slatina"]
[Date "2012.03.30"]
[Round "4.5"]
[White "Zunker, Reinhard Dr"]
[Black "Strobel, Ferdinand"]
[Result "1/2-1/2"]
[WhiteElo "2177"]
[BlackElo "2129"]
[PlyCount "22"]
[EventDate "2012.03.27"]
[WhiteTeam "GER - HESSEN"]
[BlackTeam "AUT - WIEN 1"]

1. e4 d6 2. d4 Nf6 3. Nc3 g6 4. g3 Bg7 5. Bg2 O-O 6. Nge2 c6 7. O-O e5 8. h3
Qc7 9. a4 a5 10. Be3 Na6 11. Qd2 Kh8 1/2-1/2

[Event "European Senior Teams Chess Championship"]
[Site "Rogaska Slatina"]
[Date "2012.03.30"]
[Round "4.6"]
[White "Norman, Kenneth I"]
[Black "Fatalibekova, Elena"]
[Result "1/2-1/2"]
[WhiteElo "2175"]
[BlackElo "2276"]
[PlyCount "48"]
[EventDate "2012.03.27"]
[WhiteTeam "ENG 1"]
[BlackTeam "RUS 2"]

1. Nf3 d5 2. d4 c5 3. dxc5 e6 4. c4 Nf6 5. Nc3 Bxc5 6. a3 O-O 7. e3 Nc6 8. b4
Bb6 9. Bb2 a6 10. Rc1 Ba7 11. cxd5 exd5 12. Ne2 Bg4 13. Ned4 Nxd4 14. Bxd4 Bxd4
15. Qxd4 Rc8 16. Rd1 Bxf3 17. gxf3 Qc7 18. Bh3 Qc3+ 19. Ke2 Rc6 20. Qxc3 Rxc3
21. Rd3 Rc4 22. Rd4 Rc2+ 23. Rd2 Rc4 24. Rd4 Rc2+ 1/2-1/2

[Event "European Senior Teams Chess Championship"]
[Site "Rogaska Slatina"]
[Date "2012.03.30"]
[Round "4.6"]
[White "Miednikova, Swietlana"]
[Black "Yeo, Michael J"]
[Result "0-1"]
[WhiteElo "2183"]
[BlackElo "2135"]
[PlyCount "98"]
[EventDate "2012.03.27"]
[WhiteTeam "RUS 2"]
[BlackTeam "ENG 1"]

1. e4 e5 2. Nf3 Nc6 3. Bb5 a6 4. Ba4 Nf6 5. Qe2 Be7 6. O-O b5 7. Bb3 O-O 8. c3
d5 9. d3 d4 10. Nbd2 Nh5 11. Nxe5 Nf4 12. Qf3 Nxe5 13. Qxf4 Nxd3 14. Qg3 dxc3
15. Bd5 Nxc1 16. Raxc1 cxd2 17. Rcd1 c6 18. Bxc6 Ra7 19. Qe3 Qc7 20. Rxd2 Be6
21. Rc1 Qb8 22. f4 Rc7 23. Kh1 Rfc8 24. Rdc2 Bc4 25. Bd5 Bxd5 26. Rxc7 Rxc7 27.
exd5 Qb6 28. Qe1 Rxc1 29. Qxc1 Qd4 30. Qc8+ Bf8 31. h3 Qxd5 32. Qxa6 g5 33. Qf6
gxf4 34. b3 f3 35. gxf3 Qd1+ 36. Kg2 Qd2+ 37. Kg3 Qd6+ 38. Qxd6 Bxd6+ 39. Kg4
Ba3 40. Kf5 Kf8 41. f4 h6 42. Kf6 Bb2+ 43. Kf5 b4 44. Ke4 Ke7 45. Kd3 Bc1 46.
Kc4 Bd2 47. f5 Kf6 48. Kd3 Be1 49. Ke2 Bh4 0-1

[Event "European Senior Teams Chess Championship"]
[Site "Rogaska Slatina"]
[Date "2012.03.30"]
[Round "4.7"]
[White "Ager, Josef"]
[Black "Westerinen, Heikki M J"]
[Result "1/2-1/2"]
[WhiteElo "2195"]
[BlackElo "2325"]
[PlyCount "112"]
[EventDate "2012.03.27"]
[WhiteTeam "AUT - NIEDEROSTERREICH"]
[BlackTeam "FIN 1"]

1. Nf3 Nf6 2. c4 g6 3. Nc3 Bg7 4. e4 d6 5. d4 Bg4 6. Be2 O-O 7. Be3 Nfd7 8. Qd2
e5 9. dxe5 dxe5 10. O-O Nc6 11. Ne1 Bxe2 12. Nxe2 Nb6 13. Qc2 Nd4 14. Nxd4 exd4
15. Bd2 Re8 16. Rd1 Qe7 17. c5 Nd7 18. c6 bxc6 19. Qxc6 Rab8 20. b3 Nc5 21. f3
Red8 22. b4 Ne6 23. Nd3 Rb6 24. Qc4 Qd7 25. f4 Qa4 26. f5 Rc6 27. Qb3 Qxb3 28.
axb3 Nf8 29. Rc1 Rxc1 30. Rxc1 Re8 31. Rxc7 Rxe4 32. Kf2 a6 33. Nc5 Re5 34.
fxg6 hxg6 35. Nxa6 d3 36. Be3 Rd5 37. Ke1 Ne6 38. Rc8+ Kh7 39. Kd2 f5 40. Nc5
f4 41. Bf2 Bc3+ 42. Kd1 Ng5 43. h4 Nf7 44. Ne4 Bd4 45. Kd2 Kg7 46. Bxd4+ Rxd4
47. Rc4 Rd5 48. Rc7 Kf8 49. Rc5 Rd4 50. Nf2 Nd6 51. b5 Rb4 52. Nxd3 Rxb3 53.
Rc6 Ne4+ 54. Kc2 Rxb5 55. Nxf4 g5 56. Ne6+ Kf7 1/2-1/2

[Event "European Senior Teams Chess Championship"]
[Site "Rogaska Slatina"]
[Date "2012.03.30"]
[Round "4.7"]
[White "Kanko, Ilkka"]
[Black "Woeber, Friedrich"]
[Result "1/2-1/2"]
[WhiteElo "2250"]
[BlackElo "2175"]
[PlyCount "50"]
[EventDate "2012.03.27"]
[WhiteTeam "FIN 1"]
[BlackTeam "AUT - NIEDEROSTERREICH"]

1. d4 d5 2. c4 e6 3. Nc3 c5 4. e3 Nf6 5. Nf3 Nc6 6. cxd5 Nxd5 7. Be2 cxd4 8.
exd4 Be7 9. O-O O-O 10. a3 b6 11. Qa4 Na5 12. Bd2 Bb7 13. Rac1 Rc8 14. Ne5 Nxc3
15. Rxc3 Rxc3 16. Bxc3 Bd5 17. Bxa5 bxa5 18. Rc1 Qb6 19. Bb5 a6 20. Bf1 Qxb2
21. Rc7 Qxa3 22. Qd7 Bd6 23. Rc8 Bxe5 24. dxe5 a4 25. Rxf8+ Qxf8 1/2-1/2

[Event "European Senior Teams Chess Championship"]
[Site "Rogaska Slatina"]
[Date "2012.03.30"]
[Round "4.7"]
[White "Weinwurm, Wolfgang"]
[Black "Hurme, Harri"]
[Result "1/2-1/2"]
[WhiteElo "2172"]
[BlackElo "2184"]
[PlyCount "123"]
[EventDate "2012.03.27"]
[WhiteTeam "AUT - NIEDEROSTERREICH"]
[BlackTeam "FIN 1"]

1. e4 c5 2. Nf3 Nc6 3. d4 cxd4 4. Nxd4 g6 5. c4 Nf6 6. Nc3 Nxd4 7. Qxd4 d6 8.
Bg5 Bg7 9. Qd2 O-O 10. Bd3 b6 11. O-O Bb7 12. Rfe1 Rc8 13. Rad1 Nd7 14. Nd5 Re8
15. b3 b5 16. Re2 bxc4 17. Bxc4 Ne5 18. Bb5 Bc6 19. Bxc6 Nxc6 20. Rc1 Qd7 21.
Rc4 f6 22. Bf4 Kf8 23. Re1 Ne5 24. Rxc8 Rxc8 25. Bxe5 dxe5 26. Rc1 Rxc1+ 27.
Qxc1 e6 28. Qc5+ Ke8 29. Ne3 Bf8 30. Qc4 f5 31. g3 Be7 32. exf5 gxf5 33. Qe2
Bf6 34. b4 e4 35. b5 Bd4 36. a4 Kd8 37. Nc4 Bc5 38. Ne5 Qd5 39. Nc6+ Kc7 40.
Qh5 Kd6 41. Qe8 Qd1+ 42. Kg2 Qf3+ 43. Kh3 Bxf2 44. Qe7+ Kd5 45. Qd7+ Kc5 46.
Qxa7+ Kc4 47. Ne5+ Kb3 48. Nxf3 Bxa7 49. a5 Be3 50. Ne5 Kb4 51. b6 Kb5 52. b7
Ba7 53. Nd7 Kxa5 54. b8=Q Bxb8 55. Nxb8 Kb4 56. Kg2 Kc3 57. Nc6 Kd3 58. Kf1 Ke3
59. Ke1 Kf3 60. Kf1 Ke3 61. Ke1 Kf3 62. Kf1 1/2-1/2

[Event "European Senior Teams Chess Championship"]
[Site "Rogaska Slatina"]
[Date "2012.03.30"]
[Round "4.7"]
[White "Morant, Paul"]
[Black "Bukacek, Emil"]
[Result "1/2-1/2"]
[WhiteElo "2167"]
[BlackElo "2155"]
[PlyCount "36"]
[EventDate "2012.03.27"]
[WhiteTeam "FIN 1"]
[BlackTeam "AUT - NIEDEROSTERREICH"]

1. e4 c5 2. Nf3 Nc6 3. d4 cxd4 4. Nxd4 Nf6 5. Nc3 e5 6. Ndb5 d6 7. Bg5 a6 8.
Na3 b5 9. Nd5 Be7 10. Bxf6 Bxf6 11. c3 O-O 12. Nc2 Bg5 13. h4 Bh6 14. a4 Rb8
15. axb5 axb5 16. Nce3 Bxe3 17. Nxe3 Be6 18. b4 Ne7 1/2-1/2

[Event "European Senior Teams Chess Championship"]
[Site "Rogaska Slatina"]
[Date "2012.03.30"]
[Round "4.8"]
[White "Malmdin, Nils-Ake"]
[Black "Watzka, Horst"]
[Result "1/2-1/2"]
[WhiteElo "2306"]
[BlackElo "2253"]
[PlyCount "41"]
[EventDate "2012.03.27"]
[WhiteTeam "SWE 1"]
[BlackTeam "AUT - STEIERMARK"]

1. e4 e5 2. Nf3 Nc6 3. Nc3 Nf6 4. a3 Bd6 5. Bc4 O-O 6. d3 a6 7. Bg5 Be7 8. Qd2
d6 9. h3 Be6 10. Bxe6 fxe6 11. Bxf6 Bxf6 12. Ne2 d5 13. O-O-O Qd6 14. Ng3 b5
15. Kb1 Rab8 16. Nh5 Be7 17. d4 dxe4 18. dxe5 Qc5 19. Nd4 Rbd8 20. c3 Nxe5 21.
Qe2 1/2-1/2

[Event "European Senior Teams Chess Championship"]
[Site "Rogaska Slatina"]
[Date "2012.03.30"]
[Round "4.8"]
[White "Nickl, Klaus"]
[Black "Petersson, Gosta"]
[Result "1/2-1/2"]
[WhiteElo "2162"]
[BlackElo "2163"]
[PlyCount "53"]
[EventDate "2012.03.27"]
[WhiteTeam "AUT - STEIERMARK"]
[BlackTeam "SWE 1"]

1. d4 d5 2. Nf3 Nf6 3. e3 e6 4. Bd3 c5 5. c3 Nc6 6. Nbd2 Bd6 7. O-O O-O 8. dxc5
Bxc5 9. e4 Qc7 10. Qe2 dxe4 11. Nxe4 Be7 12. Bg5 Nd5 13. Bxe7 Nf4 14. Qe3 Nxe7
15. Bc2 Nf5 16. Qc5 Qxc5 17. Nxc5 b6 18. Nd3 Nxd3 19. Bxd3 Bb7 20. Bxf5 exf5
21. Nd4 g6 22. Rfe1 Rfe8 23. f3 Rxe1+ 24. Rxe1 Kf8 25. Kf2 Bd5 26. a3 Rd8 27.
h4 1/2-1/2

[Event "European Senior Teams Chess Championship"]
[Site "Rogaska Slatina"]
[Date "2012.03.30"]
[Round "4.8"]
[White "Pitzl, Konstantinos"]
[Black "Nyberg, Ulf"]
[Result "1/2-1/2"]
[WhiteElo "2093"]
[BlackElo "2140"]
[PlyCount "93"]
[EventDate "2012.03.27"]
[WhiteTeam "AUT - STEIERMARK"]
[BlackTeam "SWE 1"]

1. d4 Nf6 2. Nf3 c5 3. g3 cxd4 4. Bg2 e5 5. c3 Nc6 6. O-O dxc3 7. Nxc3 h6 8.
Nh4 d6 9. Qa4 Be7 10. Bxc6+ bxc6 11. Qxc6+ Bd7 12. Qf3 O-O 13. Nf5 Bxf5 14.
Qxf5 Qc8 15. Qxc8 Rfxc8 16. e4 Bd8 17. f3 Rab8 18. Rd1 Bb6+ 19. Kg2 Bd4 20. Rd3
Kf8 21. h4 Ke7 22. g4 Ke6 23. Kh3 Rc4 24. a4 Rb3 25. g5 hxg5 26. hxg5 Nd7 27.
f4 Bxc3 28. f5+ Ke7 29. Rxc3 Rbxc3+ 30. bxc3 Nc5 31. Rb1 Kd7 32. a5 Kc7 33. g6
fxg6 34. fxg6 Nxe4 35. a6 Rxc3+ 36. Kh4 Nc5 37. Bh6 Rc4+ 38. Kh3 Rc3+ 39. Kh4
Rc4+ 40. Kh3 Nxa6 41. Bxg7 Kd7 42. Bf8 Ke6 43. Rf1 Rf4 44. Rxf4 exf4 45. Bxd6
Kf6 46. Bxf4 Kxg6 47. Be3 1/2-1/2

[Event "European Senior Teams Chess Championship"]
[Site "Rogaska Slatina"]
[Date "2012.03.30"]
[Round "4.9"]
[White "Svensson, Leif 1940"]
[Black "Rodriguez Vargas, Orestes"]
[Result "0-1"]
[WhiteElo "2129"]
[BlackElo "2403"]
[PlyCount "34"]
[EventDate "2012.03.27"]
[WhiteTeam "SWE 2"]
[BlackTeam "ESP - CATALONIA"]

1. d4 d5 2. Nc3 Nf6 3. Bg5 Nbd7 4. Qd3 h6 5. Bh4 c6 6. f3 e5 7. dxe5 Nxe5 8.
Qe3 Qe7 9. Bxf6 gxf6 10. O-O-O Be6 11. Qd4 Qb4 12. e3 Qa5 13. h3 Bc5 14. Qf4
O-O-O 15. Bd3 Qb6 16. Re1 d4 17. Na4 Qa5 0-1

[Event "European Senior Teams Chess Championship"]
[Site "Rogaska Slatina"]
[Date "2012.03.30"]
[Round "4.9"]
[White "Sanz Bastos, Fernando"]
[Black "Svensson, Soren"]
[Result "0-1"]
[WhiteElo "2058"]
[BlackElo "2062"]
[PlyCount "86"]
[EventDate "2012.03.27"]
[WhiteTeam "ESP - CATALONIA"]
[BlackTeam "SWE 2"]

1. e4 e5 2. Nf3 Nc6 3. Bb5 Nd4 4. Nxd4 exd4 5. d3 Bc5 6. O-O c6 7. Ba4 d6 8.
Bb3 Qh4 9. Qf3 Nf6 10. Qg3 Qxg3 11. hxg3 O-O 12. Bf4 h6 13. a4 a5 14. Na3 g5
15. Bd2 Bb6 16. Nc4 Bc7 17. f4 d5 18. exd5 Nxd5 19. Rae1 gxf4 20. gxf4 Bf5 21.
Ne5 Rae8 22. Bxd5 cxd5 23. b4 Ra8 24. b5 Rac8 25. Bc1 Bd6 26. Rf2 Bb4 27. Ree2
f6 28. Nf3 Bxd3 29. cxd3 Rxc1+ 30. Kh2 Rd1 31. Nxd4 Bc5 32. Ne6 Bxf2 33. Rxf2
Rc8 34. Rf3 Kf7 35. f5 Rg8 36. Nf4 Rd2 37. Ng6 Re8 38. Nf4 Re5 39. Nh5 Ra2 40.
Rf4 Ra3 41. d4 Re4 42. Rxe4 dxe4 43. d5 Rxa4 0-1

[Event "European Senior Teams Chess Championship"]
[Site "Rogaska Slatina"]
[Date "2012.03.30"]
[Round "4.10"]
[White "Ghijsen, Pim"]
[Black "Ahlers, Ben"]
[Result "1/2-1/2"]
[WhiteElo "2191"]
[BlackElo "2116"]
[PlyCount "47"]
[EventDate "2012.03.27"]
[WhiteTeam "NED - VAS"]
[BlackTeam "NED - DIS.DIS."]

1. d4 Nf6 2. Nf3 g6 3. Bf4 Bg7 4. h3 O-O 5. Nbd2 c5 6. c3 cxd4 7. cxd4 Nh5 8.
Bxb8 Rxb8 9. e3 d6 10. Bc4 b5 11. Be2 Bb7 12. O-O Nf6 13. Rc1 Qb6 14. Nb3 Rfe8
15. Qc2 Rec8 16. Qd2 b4 17. Rxc8+ Rxc8 18. Rc1 Rxc1+ 19. Qxc1 Ne4 20. Qc2 e6
21. Nbd2 Nxd2 22. Nxd2 e5 23. dxe5 dxe5 24. Bf3 1/2-1/2

[Event "European Senior Teams Chess Championship"]
[Site "Rogaska Slatina"]
[Date "2012.03.30"]
[Round "4.10"]
[White "Happel, Henk"]
[Black "Van Oosten, Arend"]
[Result "1/2-1/2"]
[WhiteElo "2129"]
[BlackElo "2186"]
[PlyCount "52"]
[EventDate "2012.03.27"]
[WhiteTeam "NED - DIS.DIS."]
[BlackTeam "NED - VAS"]

1. d4 f5 2. Nf3 Nf6 3. e3 e6 4. Bd3 d5 5. O-O Bd6 6. b3 Qe7 7. c4 c6 8. Bb2 O-O
9. Ne5 Bd7 10. Nd2 Be8 11. Qc2 Ne4 12. f3 Nxd2 13. Qxd2 Nd7 14. Nxd7 Bxd7 15.
Qe2 e5 16. cxd5 cxd5 17. dxe5 Bxe5 18. Bd4 Rae8 19. Qf2 Bxd4 20. exd4 Qb4 21.
Rae1 Qc3 22. Rd1 Re7 23. Qh4 Rfe8 24. Qf4 g6 25. h4 Qa5 26. Rf2 Re1+ 1/2-1/2

[Event "European Senior Teams Chess Championship"]
[Site "Rogaska Slatina"]
[Date "2012.03.30"]
[Round "4.10"]
[White "Van Dongen, Rob"]
[Black "Lindner, Jan-Joost"]
[Result "0-1"]
[WhiteElo "1968"]
[BlackElo "2150"]
[PlyCount "46"]
[EventDate "2012.03.27"]
[WhiteTeam "NED - VAS"]
[BlackTeam "NED - DIS.DIS."]

1. d4 e6 2. g3 f5 3. Bg2 Nf6 4. Nh3 Be7 5. O-O O-O 6. Nd2 Nc6 7. c3 d6 8. e4 e5
9. d5 Nb8 10. c4 Na6 11. exf5 Bxf5 12. f4 Qd7 13. Ng5 Nc5 14. fxe5 dxe5 15.
Ndf3 Ng4 16. b4 Bd3 17. Nxe5 Nxe5 18. Rxf8+ Rxf8 19. bxc5 Bxc5+ 20. Kh1 Ng4 21.
Qb3 Nf2+ 22. Kg1 Qe7 23. Bb2 Qe3 0-1

[Event "European Senior Teams Chess Championship"]
[Site "Rogaska Slatina"]
[Date "2012.03.30"]
[Round "4.11"]
[White "Ashby, Anthony C"]
[Black "Rooze, Jan"]
[Result "0-1"]
[WhiteElo "2129"]
[BlackElo "2325"]
[PlyCount "102"]
[EventDate "2012.03.27"]
[WhiteTeam "ENG 2"]
[BlackTeam "BEL"]

1. d4 Nf6 2. c4 e6 3. Nc3 Bb4 4. Qc2 c5 5. a3 Bxc3+ 6. bxc3 O-O 7. e3 b6 8. Nf3
Nc6 9. Bd3 Na5 10. e4 h6 11. O-O Ba6 12. e5 Ne8 13. Qe2 d5 14. cxd5 Bxd3 15.
Qxd3 Qxd5 16. Be3 Nc7 17. Qe2 cxd4 18. cxd4 Nb5 19. a4 Nc3 20. Qb2 Rfc8 21. Qb4
Rc4 22. Qe7 Qd8 23. Qxd8+ Rxd8 24. Ra3 Nxa4 25. Nd2 Rb4 26. Rfa1 Nb2 27. Kf1
Rd7 28. Ke2 Nbc4 29. Nxc4 Rxc4 30. Ra4 Rxa4 31. Rxa4 Kf8 32. Kf3 Ke8 33. Ke4
Kd8 34. f4 Nc6 35. g4 g6 36. f5 gxf5+ 37. gxf5 b5 38. Ra6 Kc7 39. fxe6 fxe6 40.
Ra1 a5 41. Rd1 a4 42. d5 a3 43. d6+ Kb8 44. Ra1 b4 45. Bc5 Rb7 46. Rf1 Rb5 47.
Rf8+ Kb7 48. Rf7+ Ka8 49. Rf8+ Rb8 50. Rf2 Kb7 51. Rd2 Ra8 0-1

[Event "European Senior Teams Chess Championship"]
[Site "Rogaska Slatina"]
[Date "2012.03.30"]
[Round "4.11"]
[White "Van Herck, Marcel"]
[Black "Habershon, Paul F"]
[Result "1/2-1/2"]
[WhiteElo "2097"]
[BlackElo "2122"]
[PlyCount "69"]
[EventDate "2012.03.27"]
[WhiteTeam "BEL"]
[BlackTeam "ENG 2"]

1. e4 Nf6 2. e5 Nd5 3. d4 d6 4. Nf3 Bg4 5. Be2 c6 6. O-O Bxf3 7. Bxf3 dxe5 8.
dxe5 e6 9. c4 Ne7 10. Qxd8+ Kxd8 11. Be4 Nd7 12. f4 Ng6 13. Be3 Bc5 14. Bxc5
Nxc5 15. Nc3 a5 16. b3 Kc7 17. g3 Rad8 18. Rad1 Ne7 19. Kf2 Nf5 20. Bb1 h5 21.
Rxd8 Rxd8 22. Rd1 Rxd1 23. Nxd1 b5 24. h3 b4 25. g4 hxg4 26. hxg4 Ne7 27. Ke3
a4 28. Bc2 a3 29. Nf2 Nb7 30. Ne4 c5 31. Ng5 Nd8 32. Be4 Nec6 33. Bxc6 Nxc6 34.
Nf3 Kd7 35. Ke4 1/2-1/2

[Event "European Senior Teams Chess Championship"]
[Site "Rogaska Slatina"]
[Date "2012.03.30"]
[Round "4.12"]
[White "Lahti, Jouko"]
[Black "Liebert, Heinz"]
[Result "0-1"]
[WhiteElo "2016"]
[BlackElo "2251"]
[PlyCount "62"]
[EventDate "2012.03.27"]
[WhiteTeam "FIN 2"]
[BlackTeam "GER - CACHSEN-ANGALT"]

1. d4 Nf6 2. Nf3 g6 3. c4 Bg7 4. Nc3 O-O 5. e4 d6 6. h3 c6 7. Be2 a6 8. Be3 b5
9. a3 bxc4 10. Bxc4 d5 11. exd5 Nxd5 12. Nxd5 cxd5 13. Be2 Qb6 14. Qd2 a5 15.
g4 Nc6 16. Ne5 Rb8 17. Rb1 a4 18. h4 Nxe5 19. dxe5 Qe6 20. f4 f6 21. Bf3 d4 22.
Qa5 Kh8 23. Bxd4 fxe5 24. Bc3 exf4+ 25. Kf2 Qe3+ 26. Kg2 Bxg4 27. Bxg7+ Kxg7
28. Qc3+ Qxc3 29. bxc3 Bxf3+ 30. Kxf3 Rxb1 31. Rxb1 Rc8 0-1

[Event "European Senior Teams Chess Championship"]
[Site "Rogaska Slatina"]
[Date "2012.03.30"]
[Round "4.12"]
[White "Liebscher, Helmar"]
[Black "Lyly, Seppo"]
[Result "1/2-1/2"]
[WhiteElo "2093"]
[BlackElo "1939"]
[PlyCount "46"]
[EventDate "2012.03.27"]
[WhiteTeam "GER - CACHSEN-ANGALT"]
[BlackTeam "FIN 2"]

1. e4 c5 2. Nf3 g6 3. d4 Bg7 4. dxc5 Qa5+ 5. c3 Qxc5 6. Be3 Qc7 7. Bd3 d6 8.
Qd2 Nf6 9. Na3 a6 10. O-O O-O 11. Bh6 Nc6 12. Nc2 b5 13. a4 Rb8 14. axb5 axb5
15. Bxg7 Kxg7 16. Ra2 Be6 17. Ra3 Na5 18. Ncd4 Nc4 19. Nxe6+ fxe6 20. Bxc4 bxc4
21. Nd4 Qd7 22. Qe2 e5 23. Nf3 h6 1/2-1/2

[Event "European Senior Teams Chess Championship"]
[Site "Rogaska Slatina"]
[Date "2012.03.30"]
[Round "4.12"]
[White "Auvinen, Esa"]
[Black "Kirmas, Joachim Dr"]
[Result "1/2-1/2"]
[WhiteElo "1961"]
[BlackElo "2050"]
[PlyCount "57"]
[EventDate "2012.03.27"]
[WhiteTeam "FIN 2"]
[BlackTeam "GER - CACHSEN-ANGALT"]

1. e4 e5 2. Nf3 d6 3. d4 exd4 4. Nxd4 Nf6 5. Nc3 Be7 6. Bc4 O-O 7. O-O c6 8. a4
Nxe4 9. Nxe4 d5 10. Bd3 dxe4 11. Bxe4 Bf6 12. Ne2 Qe7 13. Ng3 g6 14. Re1 Rd8
15. Qe2 Na6 16. c3 Nc5 17. Bc2 Qxe2 18. Rxe2 Bg4 19. f3 Be6 20. Bh6 Bg7 21.
Bxg7 Kxg7 22. Rd1 Rxd1+ 23. Bxd1 Rd8 24. Bc2 Bc4 25. Rf2 f5 26. Nf1 Re8 27. Rd2
Re1 28. Rd1 Re2 29. Rd2 1/2-1/2

[Event "European Senior Teams Chess Championship"]
[Site "Rogaska Slatina"]
[Date "2012.03.30"]
[Round "4.13"]
[White "Huebner, Wolfgang"]
[Black "Jorgensen, Jorgen"]
[Result "1/2-1/2"]
[WhiteElo "2188"]
[BlackElo "2209"]
[PlyCount "73"]
[EventDate "2012.03.27"]
[WhiteTeam "GER - MATTADORE"]
[BlackTeam "DEN 2"]

1. e4 Nf6 2. Nc3 d5 3. e5 Nfd7 4. d4 c5 5. dxc5 e6 6. Nf3 Nc6 7. Bf4 a6 8. Bd3
Nxc5 9. O-O Be7 10. Qd2 Bd7 11. Rad1 O-O 12. Qe3 Nxd3 13. Rxd3 Qe8 14. Re1 Rd8
15. Ne2 Rc8 16. Nfd4 Nxd4 17. Nxd4 Bb5 18. Rd2 Kh8 19. Qf3 Rc4 20. c3 Qd8 21.
Qg4 Bc5 22. Re3 Bxd4 23. Rxd4 Rxd4 24. cxd4 f5 25. exf6 Qxf6 26. Bg3 Qf5 27.
Qxf5 exf5 28. Be5 Rc8 29. h4 Kg8 30. Rg3 g6 31. h5 Rc1+ 32. Kh2 Rc6 33. Kh3 Kf7
34. Kh4 Rc2 35. Rc3 Rxc3 36. bxc3 Be2 37. hxg6+ 1/2-1/2

[Event "European Senior Teams Chess Championship"]
[Site "Rogaska Slatina"]
[Date "2012.03.30"]
[Round "4.13"]
[White "Olesen, Poul Erik Norgaard"]
[Black "Krebs, Dietmar"]
[Result "0-1"]
[WhiteElo "2052"]
[BlackElo "2114"]
[PlyCount "84"]
[EventDate "2012.03.27"]
[WhiteTeam "DEN 2"]
[BlackTeam "GER - MATTADORE"]

1. e4 c5 2. Nf3 d6 3. d4 cxd4 4. Nxd4 Nf6 5. Nc3 a6 6. a4 e5 7. Nb3 Be7 8. Be2
Be6 9. f4 Qc7 10. Be3 Nbd7 11. O-O O-O 12. Nd5 Bxd5 13. exd5 Nb6 14. c4 Nxc4
15. Bxc4 Qxc4 16. fxe5 dxe5 17. d6 Bxd6 18. Rxf6 gxf6 19. Qxd6 Qxb3 20. Bh6
Rfd8 21. Qxf6 Rd1+ 22. Kf2 Qc2+ 23. Kf3 Rd3+ 24. Be3 Qc6+ 25. Qxc6 bxc6 26. Ke4
Rb3 27. Rf1 Rxb2 28. Rf3 Rxg2 29. Kxe5 Re8+ 30. Kd4 Rg4+ 31. Kc5 Re6 32. a5
Rgg6 33. h4 Re5+ 34. Kb6 c5+ 35. Kc7 h5 36. Bg5 c4 37. Bd2 Re7+ 38. Kd8 Rb7 39.
Kc8 Rb3 40. Bc3 Rg4 41. Re3 Rxh4 42. Re8+ Kh7 0-1

[Event "European Senior Teams Chess Championship"]
[Site "Rogaska Slatina"]
[Date "2012.03.30"]
[Round "4.13"]
[White "Kurka, Dieter"]
[Black "Jorgensen, Arne Bjorn"]
[Result "1-0"]
[WhiteElo "2093"]
[BlackElo "1991"]
[PlyCount "73"]
[EventDate "2012.03.27"]
[WhiteTeam "GER - MATTADORE"]
[BlackTeam "DEN 2"]

1. Nf3 Nf6 2. d4 g6 3. c4 Bg7 4. Nc3 O-O 5. e4 d6 6. Be2 c5 7. O-O Nc6 8. d5
Ne5 9. Nxe5 dxe5 10. Bg5 Ne8 11. a3 Nd6 12. b4 b6 13. Qc2 Bd7 14. bxc5 bxc5 15.
Rab1 Rc8 16. Nb5 f6 17. Be3 a6 18. Nc3 f5 19. f3 Qe8 20. Rb6 f4 21. Bf2 g5 22.
Rxa6 h5 23. Na4 g4 24. Nb6 gxf3 25. Bxf3 Bg4 26. Nxc8 Qxc8 27. Rc6 Qe8 28. Bxc5
Qg6 29. Bb4 Bxf3 30. Rxf3 Rf6 31. c5 Nb5 32. Rxf6 Bxf6 33. Bc3 Nxa3 34. Qb3
Qxe4 35. d6+ Kg7 36. d7 e6 37. Qxa3 1-0

[Event "European Senior Teams Chess Championship"]
[Site "Rogaska Slatina"]
[Date "2012.03.30"]
[Round "4.13"]
[White "Preuss, Flemming"]
[Black "Neumann, Horst"]
[Result "1-0"]
[WhiteElo "1993"]
[BlackElo "1937"]
[PlyCount "79"]
[EventDate "2012.03.27"]
[WhiteTeam "DEN 2"]
[BlackTeam "GER - MATTADORE"]

1. f4 c5 2. Nf3 Nc6 3. b3 d5 4. e3 Bg4 5. Bb2 e6 6. h3 Bf5 7. Bb5 a6 8. Bxc6+
bxc6 9. d3 Ne7 10. Qe2 h6 11. Nbd2 Qb6 12. O-O Bh7 13. Kh2 Rg8 14. e4 Qc7 15.
e5 g5 16. fxg5 hxg5 17. g4 f5 18. Qf2 d4 19. Nc4 Nd5 20. Rae1 Kd7 21. Bc1 Be7
22. Rg1 f4 23. Bd2 Rg7 24. h4 Rh8 25. Rh1 Bg8 26. Re2 Ne3 27. Bxe3 dxe3 28. Qf1
Rgh7 29. Kg1 Qd8 30. Reh2 Kc8 31. Qe1 Kb8 32. Kg2 Qc7 33. Qc3 Qd8 34. h5 Bf7
35. Nd6 Qc7 36. Qc4 Ka7 37. Ra1 Qd8 38. d4 Qc7 39. dxc5 Rd8 40. Rhh1 1-0

[Event "European Senior Teams Chess Championship"]
[Site "Rogaska Slatina"]
[Date "2012.03.30"]
[Round "4.14"]
[White "Arp, Frans"]
[Black "Singer, Hans"]
[Result "1-0"]
[WhiteElo "2070"]
[BlackElo "2265"]
[PlyCount "65"]
[EventDate "2012.03.27"]
[WhiteTeam "NED - ORANJE"]
[BlackTeam "AUT 1"]

1. e4 e5 2. Nf3 Nc6 3. Bb5 Nf6 4. d3 Bc5 5. O-O Qe7 6. Nc3 Nd4 7. Nxd4 Bxd4 8.
Bg5 c6 9. Bc4 h6 10. Be3 Bxe3 11. fxe3 d6 12. d4 O-O 13. a4 exd4 14. exd4 Nxe4
15. Qe2 d5 16. Nxd5 cxd5 17. Bxd5 Be6 18. Qxe4 Rfe8 19. Bxe6 Qxe6 20. Qxe6 Rxe6
21. Rfe1 Rc6 22. Re2 Kf8 23. c3 Rac8 24. Rae1 Rb6 25. d5 g6 26. Rd1 Rd6 27. Rd4
Rc5 28. c4 a5 29. b3 Rc7 30. Rde4 Rb6 31. R2e3 Rd7 32. Re8+ Kg7 33. Ra8 1-0

[Event "European Senior Teams Chess Championship"]
[Site "Rogaska Slatina"]
[Date "2012.03.30"]
[Round "4.14"]
[White "Roth, Peter"]
[Black "Montsma, Foppe-Jan"]
[Result "1-0"]
[WhiteElo "2262"]
[BlackElo "1949"]
[PlyCount "43"]
[EventDate "2012.03.27"]
[WhiteTeam "AUT 1"]
[BlackTeam "NED - ORANJE"]

1. e4 e5 2. Nf3 Nc6 3. Bc4 g6 4. c3 Bg7 5. Bb3 Nf6 6. d3 O-O 7. Nbd2 d6 8. h3
Qe7 9. Nf1 Be6 10. Bc2 h6 11. g4 Nh7 12. Ne3 Qd7 13. Nh4 Ne7 14. Rg1 Kh8 15.
Nhf5 gxf5 16. gxf5 Nxf5 17. exf5 Bxf5 18. Nxf5 Qxf5 19. Rg3 Rg8 20. Qg4 Qxg4
21. hxg4 Ng5 22. Bxg5 1-0

[Event "European Senior Teams Chess Championship"]
[Site "Rogaska Slatina"]
[Date "2012.03.30"]
[Round "4.15"]
[White "Bonner, Gerald"]
[Black "Fleuch, Hans-Juergen"]
[Result "1/2-1/2"]
[WhiteElo "2197"]
[BlackElo "2078"]
[PlyCount "25"]
[EventDate "2012.03.27"]
[WhiteTeam "SCO 1"]
[BlackTeam "GER - STIFTUNG BSW/DBAG"]

1. d4 d5 2. Bf4 Nc6 3. Nf3 Bf5 4. e3 e6 5. c3 Bd6 6. Bg3 Nge7 7. Nbd2 O-O 8.
Rc1 Ng6 9. Bb5 Nb8 10. Nb3 c6 11. Bd3 Bxd3 12. Qxd3 Qe7 13. Bxd6 1/2-1/2

[Event "European Senior Teams Chess Championship"]
[Site "Rogaska Slatina"]
[Date "2012.03.30"]
[Round "4.15"]
[White "Mai, Hartmut"]
[Black "White, Alastair F"]
[Result "1/2-1/2"]
[WhiteElo "1937"]
[BlackElo "2097"]
[PlyCount "32"]
[EventDate "2012.03.27"]
[WhiteTeam "GER - STIFTUNG BSW/DBAG"]
[BlackTeam "SCO 1"]

1. d4 d6 2. Nf3 g6 3. Bf4 Bg7 4. e3 Nc6 5. c3 e5 6. dxe5 Nxe5 7. Nxe5 dxe5 8.
Qxd8+ Kxd8 9. Bg3 Be6 10. Nd2 Nh6 11. Bc4 Ke7 12. e4 Rhd8 13. Bxe6 Kxe6 14.
O-O-O f6 15. f3 Nf7 16. Nb3 b6 1/2-1/2